|
|
|
|
| LEADER |
01828nam a2200325 a 4500 |
| 001 |
12402433 |
| 003 |
BD-DhAAL |
| 005 |
20241230152437.0 |
| 008 |
100420s2001 nyua b 001 0 eng d |
| 010 |
|
|
|a 2001031922
|
| 020 |
|
|
|a 0415227739
|
| 020 |
|
|
|a 0415227747 (pbk.)
|
| 020 |
|
|
|a 9780415227742
|
| 040 |
|
|
|a DLC
|c DLC
|d DLC
|d BD-DhAAL
|
| 082 |
0 |
0 |
|a 158.7
|2 21
|
| 100 |
1 |
|
|a Hodson, Christine,
|d 1940-
|9 57380
|
| 245 |
1 |
0 |
|a Psychology and work /
|c Christine Hodson.
|
| 260 |
|
|
|a New York :
|b Routledge,
|c 2001.
|
| 300 |
|
|
|a xiii, 158 pages :
|b illustrations ;
|c 21 cm.
|
| 490 |
|
|
|a Routledge modular psychology
|
| 504 |
|
|
|a Includes bibliographical references (p. 147-153) and index.
|
| 526 |
|
|
|x Fahmida Saadia Rahman
Senior Lecturer
ESS
Course name and no. N/A
|
| 541 |
1 |
|
|a D.S. Books International
|e 00019250
|
| 650 |
|
0 |
|a Work
|x Psychological aspects.
|
| 852 |
4 |
|
|a Ayesha Abed Library
|j General shelf
|
| 942 |
|
|
|2 ddc
|c BK
|
| 999 |
|
|
|c 8188
|d 8188
|
| 952 |
|
|
|0 0
|1 0
|2 ddc
|4 0
|6 158_700000000000000_HOD_2001
|7 0
|9 9351
|a BRACUL
|b BRACUL
|c GEN
|d 2010-04-21
|e D.S. Books International
|g 1319.00
|l 3
|m 21
|o 158.7 HOD
|p 3010019250
|r 2022-06-14
|s 2020-01-08
|t 1
|w 2010-04-21
|y BK
|x Requisitioned by Fahmida Saadia Rahman Department of ESS. Course name and no. N/A
|
| 952 |
|
|
|0 0
|1 0
|2 ddc
|4 0
|6 158_700000000000000_HOD_2001
|7 0
|9 9352
|a BRACUL
|b BRACUL
|c GEN
|d 2010-04-21
|e D.S. Books International
|g 1319.00
|l 5
|m 61
|o 158.7 HOD
|p 3010019251
|r 2024-02-18
|s 2024-01-25
|t 2
|w 2010-04-21
|y BK
|x Requisitioned by Fahmida Saadia Rahman Department of ESS. Course name and no. N/A
|
| 952 |
|
|
|0 0
|1 0
|2 ddc
|4 0
|6 158_700000000000000_HOD_2001
|7 0
|9 9353
|a BRACUL
|b BRACUL
|c GEN
|d 2010-04-21
|e D.S. Books International
|g 1319.00
|l 3
|m 18
|o 158.7 HOD
|p 3010019252
|r 2024-09-01
|s 2024-06-29
|t 3
|w 2010-04-21
|y BK
|x Requisitioned by Fahmida Saadia Rahman Department of ESS. Course name and no. N/A
|